| 000 | 00536cam a22001937a 4500 | ||
|---|---|---|---|
| 001 | 000909 | ||
| 003 | armpunfd | ||
| 005 | 20140612090624.0 | ||
| 008 | 011019s2000#xx#a##########000#0##nd#d | ||
| 040 |
_aarmpunfd _carmpunfd |
||
| 080 | _a347.736 AL 68 | ||
| 100 | 1 | 0 | _a Alsina, Maria Amalia |
| 245 | 1 | 0 | _aRecursos y remedios en el proceso concursal: monografia |
| 260 |
_a Mar Del Plata : _b Unmdp, _c2000. |
||
| 650 | 7 |
_a Concursos _2LEMB |
|
| 650 | 7 |
_a Derecho Concursal _2LEMB |
|
| 942 |
_cLB _2cdu |
||
| 945 |
_aCatalis _d2010-08-19 |
||
| 999 |
_c900 _d231404 |
||